Frontières de la Serbie-The Times Lefting - Statistiques

Statistiques générales
  • Ce quiz a été pris 28 fois
    14 depuis la dernière actualisation
  • Le résultat moyen est 7 sur 8
Statistiques - réponses
Km Pays % Correct
203 Monténégro
100%
164 Hongrie
92%
351 Kosovo
92%
476 Roumanie
92%
307 Bosnie-Herzegovine
85%
318 Bulgarie
85%
217 Croatie
77%
221 Macédoine du Nord
77%
Aucun quiz correspondant
Distribution des résultats
% des personnes avec chaque résultat
Percentile par nombre de réponses
Votre historique - résultats
Vous n’avez pas pris ce quiz depuis la dernière actualisation